000
00312nam a22001337a 4500
020
_a
8125004297
041
_a
ENG
100
_a
narayanaswami.V.R
245
_a
Strengthen Your Writing
260
_a
New Delhi
_b
Orient longman
_c
1997
300
_a
170
650
_a
Competitive Exam
856
_u
Competitive Exam
999
_c
3212
_d
3212